Bekerjalah dengan lebih bijak bukan dengan lebih kuat
| Main Author: | |
|---|---|
| Format: | Book |
| Published: |
Selangor :
Thinker's Library ,
2003
|
| Subjects: |
MARC
| LEADER | 00000cam a2200000 7i4500 | ||
|---|---|---|---|
| 001 | 0000014245 | ||
| 005 | 20050616.0 | ||
| 020 | |a 9676904813 | ||
| 040 | |a INS | ||
| 090 | 0 | 0 | |a BJ15812. |b C683 2003 |
| 100 | 1 | |a Collis, Jack | |
| 245 | 1 | 0 | |a Bekerjalah dengan lebih bijak bukan dengan lebih kuat |c Jack Collis |
| 260 | |a Selangor : |b Thinker's Library , |c 2003 | ||
| 300 | |a iip : |b 307p ; |c 22cm. | ||
| 650 | 0 | 0 | |a Learning, Psychology of |
| 650 | 0 | 0 | |a Work |x Psychology aspect |
| 999 | |a 0000014491 |b BOOK |c Open Shelf |e Default branch | ||
| 999 | |a 0000014492 |b BOOK |c Open Shelf |e Default branch | ||